Serie A: 250+ Matches (2000-) - Statistics

General Stats
  • This quiz has been taken 2 times
  • The average score is 119 of 217
Answer Stats
Ranking Player Positions Nationality Matches Goals (assists) Periods Clubs % Correct
182 Alberto Aquilani MF 264 26 (23) 2002-2003, 2004-2008, 2010-2014, 2016-2017
100%
6 Alberto Gilardino FW 497 185 (34) 2000-2017
100%
170 Alberto Paloschi FW 270 59 (12) 2007-2008, 2009-2020
100%
80 Albin Ekdal MF 320 13 (9) 2008-2014, 2018-2023
100%
90 Alessandro Del Piero MF, FW 313 128 (56) 2000-2005, 2007-2012
100%
60 Alessandro Lucarelli DF 339 20 (6) 2001-2002, 2004-2007, 2009-2015
100%
55 Alessandro Matri FW 346 92 (22) 2002-2003, 2007-2020
100%
152 Alessandro Nesta DF 278 7 (4) 2000-2012
100%
65 Alessio Romagnoli DF 335 15 (4) 2012-2025
100%
33 Andrea Barzagli DF 377 8 (4) 2003-2007, 2010-2019
100%
18 Andrea Pirlo MF 418 48 (82) 2000-2015
100%
34 Antonio Cassano FW 377 110 (88) 2000-2005, 2007-2016
100%
14 Antonio Di Natale FW 444 209 (64) 2002-2016
100%
217 Berat Djimsiti DF 250 5 (12) 2015-2016, 2017-2025
100%
178 Borja Valero MF 267 18 (40) 2012-2021
100%
68 Christian Maggio DF, MF 334 32 (29) 2000-2001, 2004-2017, 2020-2021
100%
49 Ciro Immobile FW 353 201 (46) 2008-2009, 2012-2013, 2015-2024
100%
58 Clarence Seedorf MF 343 51 (44) 2000-2012
100%
114 Claudio Marchisio MF 295 33 (27) 2007-2018
100%
93 Cristián Zapata DF 311 9 (3) 2005-2010, 2012-2021
100%
8 Daniele De Rossi DF, MF 459 43 (44) 2002-2019
100%
69 Daniele Dessena MF 331 19 (6) 2004-2014, 2016-2020
100%
208 Danilo Cataldi MF 254 11 (14) 2014-2025
100%
94 Danilo D'Ambrosio DF 311 21 (21) 2012-2025
100%
88 Domenico Berardi MF, FW 314 122 (78) 2013-2024
100%
117 Dries Mertens MF, FW 294 113 (60) 2013-2022
100%
74 Duván Zapata FW 326 124 (43) 2013-2025
100%
95 Elseid Hysaj DF 310 3 (16) 2014-2025
100%
87 Esteban Cambiasso MF 315 41 (23) 2004-2014
100%
2 Fabio Quagliarella FW 555 182 (49) 2001-2002, 2005-2023
100%
215 Felipe Anderson MF, FW 251 45 (41) 2013-2017, 2021-2024
100%
35 Felipe dal Belo DF 376 14 (6) 2002-2020
100%
23 Francesco Acerbi DF 405 24 (8) 2011-2025
100%
13 Francesco Totti MF, FW 446 207 (115) 2000-2017
100%
89 Gennaro Gattuso MF 314 8 (17) 2000-2012
100%
31 Giacomo Bonaventura MF, FW 380 64 (39) 2007-2009, 2011-2024
100%
29 Giampaolo Pazzini FW 383 115 (21) 2004-2015, 2017-2018, 2019-2020
100%
3 Gianluigi Buffon GK 523 0 (0) 2000-2005, 2007-2017, 2019-2021
100%
16 Giorgio Chiellini DF 430 26 (18) 2004-2005, 2007-2022
100%
112 Giovanni Simeone FW 298 73 (20) 2016-2025
100%
197 Gökhan Inler MF 259 15 (17) 2007-2015
100%
7 Goran Pandev MF, FW 492 101 (49) 2003-2013, 2015-2022
100%
154 Grégoire Defrel MF, FW 278 51 (24) 2010-2011, 2014-2024
100%
188 Hakan Çalhanoğlu MF, FW 262 50 (57) 2017-2025
100%
10 Javier Zanetti DF, MF 453 3 (15) 2000-2014
100%
100 José Callejón MF, FW 305 65 (58) 2013-2022
100%
61 Josip Iličić MF, FW 339 96 (56) 2010-2022
100%
25 Juan Cuadrado DF, MF, FW 395 43 (60) 2009-2025
100%
212 Juraj Kucka MF, FW 253 30 (17) 2010-2016, 2018-2021
100%
148 Kwadwo Asamoah DF, MF 279 12 (19) 2008-2021
100%
15 Leonardo Bonucci DF 431 32 (7) 2005-2006, 2009-2023
100%
11 Lorenzo De Silvestri DF, MF 450 28 (22) 2006-2025
100%
64 Lorenzo Insigne MF, FW 337 96 (76) 2009-2010, 2012-2022
100%
158 Lorenzo Pellegrini MF 276 45 (38) 2014-2025
100%
57 Luca Toni FW 344 157 (47) 2000-2002, 2004-2006, 2009-2010, 2012-2016
100%
73 Luis Muriel MF, FW 328 103 (44) 2011-2016, 2018-2024
100%
149 Manuel Locatelli MF 279 14 (22) 2015-2025
100%
47 Manuel Pasqual DF, MF 356 10 (43) 2005-2016, 2018-2019
100%
66 Marco Borriello FW 335 96 (20) 2002-2018
100%
50 Marco Parolo MF 351 44 (19) 2010-2021
100%
20 Marek Hamšík MF 409 100 (78) 2004-2005, 2007-2019
100%
209 Mario Pašalić MF, FW 254 52 (29) 2016-2017, 2018-2025
100%
98 Marten de Roon DF, MF 306 19 (24) 2015-2016, 2017-2025
100%
116 Matteo Darmian DF, MF 295 14 (16) 2006-2007, 2008-2009, 2010-2011, 2012-2014, 2019-2025
100%
83 Mattia Destro MF, FW 319 91 (13) 2010-2024
100%
185 Mattia Perin GK 263 0 (0) 2010-2011, 2012-2025
100%
75 Nicolás Burdisso DF 326 10 (2) 2004-2018
100%
105 Nicolò Barella MF 303 25 (43) 2014-2015, 2016-2025
100%
17 Paolo Cannavaro DF 425 12 (7) 2000-2005, 2007-2018
100%
85 Papu Gómez MF, FW 317 66 (68) 2010-2012, 2014-2020, 2023-2024
100%
54 Paulo Dybala MF, FW 348 129 (65) 2012-2013, 2014-2025
100%
175 Philippe Mexès DF 269 17 (5) 2004-2016
100%
26 Piotr Zieliński MF 389 44 (49) 2012-2025
100%
40 Radja Nainggolan MF 367 48 (33) 2009-2021
100%
165 Remo Freuler MF 272 20 (23) 2015-2021, 2023-2025
100%
216 Roberto Pereyra DF, MF, FW 251 29 (34) 2011-2015, 2020-2024
100%
151 Roberto Soriano MF, FW 279 34 (31) 2012-2015, 2018-2023
100%
45 Rodrigo Palacio MF, FW 357 93 (58) 2009-2021
100%
1 Samir Handanović GK 566 0 (0) 2004-2005, 2007-2023
100%
101 Simone Padoin DF, MF 304 13 (9) 2007-2009, 2011-2019
100%
213 Simone Pepe MF, FW 253 32 (21) 2005-2017
100%
48 Stefano Mauri MF, FW 355 55 (36) 2002-2016
100%
52 Ștefan Radu DF 349 5 (10) 2007-2023
100%
76 Stephan El Shaarawy DF, MF, FW 325 72 (34) 2008-2009, 2011-2018, 2020-2025
100%
107 Stephan Lichtsteiner DF, MF 301 15 (25) 2008-2018
100%
167 Wojciech Szczęsny GK 272 0 (1) 2015-2024
100%
140 Zlatan Ibrahimović FW 283 156 (59) 2004-2008, 2010-2011, 2019-2023
100%
189 Adrian Mutu MF, FW 261 102 (44) 2000-2002, 2004-2012
50%
129 Alessandro Florenzi DF, FW 288 28 (31) 2010-2011, 2012-2019, 2021-2025
50%
81 Alfred Duncan MF 320 14 (28) 2012-2025
50%
187 Allan DF, MF 262 12 (33) 2012-2020
50%
67 Amauri FW 334 85 (25) 2000-2001, 2003-2016
50%
53 Andrea Belotti FW 348 114 (34) 2014-2025
50%
134 Andrea Masiello DF 286 12 (5) 2004-2005, 2007-2008, 2009-2011, 2014-2022
50%
211 Andrea Petagna FW 253 49 (24) 2013-2014, 2016-2025
50%
108 Andrea Poli MF 300 15 (6) 2007-2008, 2009-2021
50%
37 Angelo Palombo MF 370 11 (18) 2001-2002, 2003-2017
50%
5 Antonio Candreva DF, MF, FW 502 85 (86) 2007-2008, 2009-2024
50%
163 Antonio Floro Flores FW 273 52 (22) 2000-2001, 2003-2004, 2007-2017
50%
36 Antonio Mirante GK 371 0 (0) 2005-2006, 2007-2020, 2022-2024
50%
136 Armando Izzo DF 285 11 (5) 2014-2025
50%
146 Blerim Džemaili MF 279 31 (19) 2008-2013, 2015-2020
50%
102 Bryan Cristante DF, MF 303 29 (21) 2013-2014, 2015-2025
50%
92 Cesare Natali DF 312 9 (4) 2001-2015
50%
125 Christian Abbiati GK 289 0 (0) 2000-2006, 2008-2016
50%
46 Cristian Ledesma MF 356 15 (41) 2001-2002, 2003-2015
50%
71 Cristiano Biraghi DF, MF 329 15 (34) 2013-2014, 2016-2025
50%
30 Cristian Zaccardo DF 381 22 (13) 2001-2007, 2009-2016
50%
195 Cyril Théréau FW 259 66 (16) 2010-2019
50%
77 Daniele Conti MF 323 39 (25) 2004-2015
50%
115 Darko Lazović DF, MF, FW 295 21 (41) 2015-2025
50%
126 Davide Astori DF 289 7 (3) 2008-2018
50%
51 Davide Biondini MF 350 9 (16) 2005-2018
50%
176 Edin Džeko FW 268 107 (43) 2015-2023
50%
41 Emiliano Moretti DF 366 7 (7) 2000-2003, 2009-2019
50%
214 Emiliano Viviano GK 251 0 (0) 2009-2012, 2014-2019
50%
196 Fabrizio Miccoli FW 259 103 (57) 2002-2004, 2007-2013
50%
162 Federico Peluso DF 274 8 (12) 2008-2009, 2011-2022
50%
123 Gianluca Caprari MF, FW 290 52 (26) 2010-2013, 2016-2025
50%
174 Gianluca Zambrotta DF 269 7 (23) 2000-2005, 2008-2012
50%
205 Gian Marco Ferrari DF 255 12 (6) 2016-2024
50%
138 Giuseppe Biava DF 284 13 (4) 2004-2015
50%
119 Ignazio Abate DF, MF 292 5 (18) 2007-2019
50%
103 Iván Córdoba DF 303 15 (9) 2000-2012
50%
128 Jasmin Kurtić MF, FW 289 29 (16) 2010-2011, 2012-2021
50%
203 Juan Jesus DF 256 5 (2) 2011-2025
50%
206 Karol Linetty MF 255 14 (11) 2016-2025
50%
97 Łukasz Skorupski GK 307 0 (0) 2013-2025
50%
155 Manolo Gabbiadini MF, FW 278 69 (23) 2009-2010, 2011-2016, 2018-2023
50%
190 Marcelo Brozović MF 261 25 (35) 2014-2023
50%
144 Marco Di Vaio FW 280 121 (25) 2000-2003, 2007-2012
50%
120 Massimo Ambrosini MF 292 26 (18) 2000-2014
50%
141 Massimo Oddo DF 282 30 (30) 2000-2007, 2009-2012
50%
111 Matías Vecino MF, FW 299 29 (19) 2013-2025
50%
72 Matteo Politano MF, FW 329 53 (42) 2015-2025
50%
164 Milan Badelj MF 273 12 (12) 2014-2021, 2023-2025
50%
143 Miralem Pjanić MF 281 42 (68) 2011-2020
50%
99 Mirko Vučinić FW 306 96 (41) 2000-2001, 2003-2014
50%
160 Nicola Sansone MF, FW 276 41 (32) 2012-2015, 2018-2025
50%
110 Përparim Hetemaj MF 300 8 (17) 2010-2018, 2020-2021
50%
201 Rafael Tolói DF 258 10 (13) 2013-2014, 2015-2025
50%
32 Riccardo Montolivo MF 380 28 (28) 2004-2018
50%
142 Senad Lulić DF, MF, FW 282 28 (38) 2011-2021
50%
179 Sergej Milinković-Savić MF 267 57 (45) 2015-2023
50%
38 Sergio Floccari FW 370 74 (22) 2005-2020
50%
42 Simone Perrotta MF 365 42 (25) 2000-2013
50%
113 Stefan de Vrij DF 296 20 (7) 2014-2025
50%
79 Tommaso Rocchi MF, FW 323 102 (36) 2002-2013
50%
199 Valon Behrami DF, MF 259 6 (7) 2005-2007, 2010-2013, 2017-2022
50%
177 Vincenzo Iaquinta FW 268 88 (28) 2000-2012
50%
121 Walter Samuel DF 291 23 (4) 2000-2003, 2005-2014
50%
204 Aimo Diana DF, MF 255 24 (19) 2000-2009
0%
62 Alessandro Agostini DF 337 0 (8) 2001-2011, 2013-2015
0%
27 Alessandro Gamberini DF 388 8 (4) 2000-2001, 2003-2018
0%
4 Andrea Consigli GK 510 0 (0) 2008-2009, 2011-2024
0%
202 Andrea Cossu MF 257 11 (50) 2005-2006, 2007-2014, 2017-2018
0%
173 Antonio Filippini DF, MF 269 11 (21) 2000-2007, 2009-2011
0%
130 Cesare Bovo DF 288 14 (8) 2003-2017
0%
192 Cristian Brocchi MF 260 10 (12) 2000-2013
0%
180 Cristian Zenoni DF 265 4 (17) 2000-2010
0%
82 Daniele Bonera DF 320 1 (5) 2000-2015
0%
96 Daniele Gastaldello DF 307 13 (6) 2005-2010, 2012-2016, 2019-2020
0%
106 Daniele Portanova DF 301 17 (2) 2004-2014
0%
56 Danilo Larangeira DF 344 12 (3) 2011-2021
0%
12 Dario Dainelli DF 446 11 (2) 2000-2018
0%
156 David Di Michele FW 276 80 (23) 2001-2007, 2010-2013
0%
39 David Pizarro MF 369 28 (54) 2000-2015
0%
78 Dejan Stanković MF 323 44 (50) 2000-2013
0%
183 Édgar Barreto MF 264 11 (18) 2007-2009, 2011-2012, 2014-2020
0%
131 Fabio Liverani MF 288 10 (34) 2000-2011
0%
161 Francesco Antonioli GK 275 0 (0) 2000-2005, 2008-2009, 2010-2012
0%
122 Franco Brienza MF, FW 290 43 (30) 2003-2008, 2011-2016
0%
28 Giampiero Pinzi MF 388 21 (16) 2000-2016
0%
70 Giandomenico Mesto DF, MF 331 12 (25) 2002-2015
0%
157 Gianluca Comotto DF 276 11 (9) 2000-2003, 2005-2012
0%
147 Gianpaolo Bellini DF 279 6 (7) 2000-2002, 2004-2005, 2006-2009, 2011-2016
0%
168 Giovanni Pasquale DF 271 4 (12) 2002-2016
0%
127 Giulio Migliaccio DF, MF 289 13 (5) 2004-2005, 2006-2017
0%
153 Giuseppe Colucci MF 278 20 (18) 2000-2008, 2010-2013
0%
137 Giuseppe Sculli MF, FW 285 38 (22) 2002-2005, 2007-2014
0%
63 Ivan Radovanović DF, MF 337 4 (5) 2009-2023
0%
198 Lorenzo Stovini DF 259 4 (1) 2000-2001, 2003-2009
0%
44 Luca Cigarini MF 362 18 (36) 2005-2009, 2011-2021
0%
104 Luca Rigoni MF 303 30 (12) 2005-2006, 2008-2019
0%
109 Luca Rossettini DF 300 8 (7) 2007-2009, 2011-2020
0%
86 Luciano Zauri DF 316 7 (8) 2000-2013
0%
181 Manuele Blasi MF 265 1 (2) 2000-2013
0%
184 Marco Cassetti DF, MF 263 13 (15) 2000-2001, 2003-2012
0%
132 Marco Marchionni MF 288 25 (35) 2001-2005, 2007-2015
0%
159 Mariano Julio Izco MF 276 8 (14) 2006-2014, 2016-2018
0%
207 Mario Santana MF 255 28 (24) 2001-2002, 2003-2014
0%
200 Martin Jørgensen MF 258 31 (29) 2000-2010
0%
91 Massimo Donati MF 313 14 (16) 2000-2006, 2009-2014
0%
19 Massimo Gobbi DF, MF 411 12 (26) 2004-2019
0%
169 Massimo Maccarone FW 271 79 (26) 2004-2005, 2006-2010, 2014-2017
0%
84 Matías Silvestre DF 318 16 (5) 2007-2019
0%
24 Matteo Brighi MF 405 25 (7) 2000-2015, 2018-2019
0%
150 Mattia Cassani DF 279 3 (13) 2006-2016
0%
145 Maurizio Domizzi DF 280 20 (7) 2003-2005, 2007-2016
0%
171 Michele Pazienza MF 270 6 (3) 2003-2014
0%
21 Morgan De Sanctis GK 409 0 (0) 2000-2006, 2009-2016
0%
193 Nicola Amoruso FW 260 76 (17) 2000-2010
0%
194 Nicola Legrottaglie DF 260 22 (3) 2001-2005, 2007-2014
0%
191 Riccardo Meggiorini FW 261 25 (23) 2004-2005, 2009-2019
0%
135 Roberto Guana MF 286 3 (7) 2000-2014
0%
166 Rodrigo Taddei DF, FW 272 36 (27) 2003-2014
0%
186 Salvatore Aronica DF 263 0 (7) 2004-2013
0%
139 Salvatore Lanna DF 283 4 (9) 2001-2010
0%
22 Sébastien Frey GK 409 0 (0) 2000-2013
0%
9 Sergio Pellissier FW 455 112 (33) 2002-2006, 2008-2019
0%
124 Simone Missiroli MF 290 12 (9) 2004-2007, 2010-2011, 2013-2020
0%
59 Simone Vergassola MF 341 27 (23) 2001-2009, 2011-2013
0%
118 Stefano Lucchini DF 294 4 (4) 2002-2003, 2005-2015
0%
210 Stefano Morrone MF 254 13 (11) 2001-2002, 2003-2007, 2009-2013
0%
43 Stefano Sorrentino GK 363 0 (0) 2001-2002, 2008-2012, 2014-2019
0%
172 Sulley Muntari MF 270 27 (20) 2002-2006, 2008-2014, 2016-2017
0%
133 Tomás Rincón MF 287 9 (18) 2014-2023
0%
No matching quizzes found
Score Distribution
Percent of People with Each Score
Percentile by Number Answered
Your Score History
You have not taken this quiz